Educating exceptional children /

Đã lưu trong:
Chi tiết về thư mục
Tác giả chính: Kirk, Samuel A. 1904-
Định dạng: Sách
Ngôn ngữ:English
Được phát hành: Boston : Houghton Mifflin, 2000.
Phiên bản:9th ed.
Những chủ đề:
Các nhãn: Thêm thẻ
Không có thẻ, Là người đầu tiên thẻ bản ghi này!
Thư viện lưu trữ: Mạng thư viện Đại học Đà Nẵng
LEADER 00884cam a2200337 i 4500
001 000045379
003 4554
005 20030227104509.0
008 010320|2000 vm 000 eng
020 |a 0395961378 
040 |a IRC  |c IRC  |d IRC 
041 0 |a eng 
082 1 4 |a 371.9  |b KI-S 
100 1 |a Kirk, Samuel A.  |q (Samuel Alexander),  |d 1904- 
245 0 0 |a Educating exceptional children /  |c Samuel A. Kirk. 
250 |a 9th ed. 
260 |a Boston :  |b Houghton Mifflin,  |c 2000. 
300 |a xx, 589p. :  |b ill. 
630 0 4 |a Education. 
650 0 4 |a Special education  |z United States. 
650 0 4 |a Exceptional children  |z United States. 
OWN |a DUT 
999 |a From the UDN01 
TYP |a Monograph 
TYP |a Printed language 
980 |a Mạng thư viện Đại học Đà Nẵng